000 nam a22 7a 4500
999 _c7500
_d7500
008 170914b xxu||||| |||| 00| 0 eng d
100 _aSahu Shantilata
_94026
245 _aLearning to Read
260 _aMeerut
_bDeepak mithhal Press
_c1985